| 000 | 00616nam a2200193Ia 4500 | ||
|---|---|---|---|
| 008 | 240729s9999 xx 000 0 und d | ||
| 022 | _a2516-158X | ||
| 245 | 0 | _aMarine Economics and Management | |
| 260 | _aUnited Kingdom | ||
| 260 | _bEmerald Publishing | ||
| 650 | _a Environmental sciences | ||
| 650 | _a Industries. Land use. Labor | ||
| 650 | _a Miscellaneous industries and trades | Geography. Anthropology. Recreation | ||
| 650 | _a Special industries and trades | ||
| 650 | _aSocial Sciences | ||
| 856 | _uhttps://doaj.org/toc/087d46a232ff4509b5a1fe33c2747f5b | ||
| 942 | _2ddc | ||
| 942 | _cDOAJEJ | ||
| 999 |
_c72195 _d72195 |
||
| 945 |
_a1 _bMadushi Gamage _c1 _dMadushi Gamage |
||